Kaiser Karl V; werden und schicksal einer persönlichkeit und eines weltreiches.
Saved in:
| Main Author: | |
|---|---|
| Format: | Book |
| Language: | German |
| Published: |
München,
F. Bruckmann
[1938,c1937]
|
| Edition: | 2. aufl. |
| Subjects: | |
| Tags: |
Add Tag
No Tags, Be the first to tag this record!
|
| LEADER | 01027cam a2200265I 4500 | ||
|---|---|---|---|
| 001 | 002804672-2 | ||
| 005 | 20020606093309.7 | ||
| 008 | 760206c19381937gw bcfj 000 0bger d | ||
| 035 | 0 | |a ocm01973361 | |
| 040 | |a CIN |c CIN |d m.c. |d OCL |d HLS | ||
| 043 | |a e------ |a e-gx--- | ||
| 050 | 4 | |a DD180.5 |b .B7 1938 | |
| 090 | |a DD180.5 |b .B7 1938 | ||
| 100 | 1 | |a Brandi, Karl, |d 1868-1946. | |
| 245 | 1 | 0 | |a Kaiser Karl V; |b werden und schicksal einer persönlichkeit und eines weltreiches. |
| 250 | |a 2. aufl. | ||
| 260 | |a München, |b F. Bruckmann |c [1938,c1937] | ||
| 300 | |a 571 p. |b illus., plates., ports., 2 folded maps, folded geneal. table |c 24cm. | ||
| 600 | 0 | 0 | |a Charles |b V, |c Holy Roman Emperor, |d 1500-1558. |
| 651 | 0 | |a Europe |x History |y 1517-1648. | |
| 651 | 0 | |a Germany |x History |y Charles V, 1519-1556. | |
| 651 | 0 | |a Holy Roman Empire |x History |y Charles V, 1519-1556. | |
| 776 | 0 | 8 | |i Online version: |a Brandi, Karl, 1868-1946. |t Kaiser Karl V. |b 2. Aufl. |d München, F. Bruckmann [1938, ©1937] |w (OCoLC)609590545 |
| 988 | |a 20020608 | ||
| 906 | |0 OCLC | ||


